| 000 | 00331nam a2200121Ia 4500 | ||
|---|---|---|---|
| 008 | 210430s9999 xx 000 0 und d | ||
| 082 | _a620.112 M534 D | ||
| 100 |
_aHevin P,Menard _953976 |
||
| 245 |
_aDynamic Mechanical Analysis _cHevin P,Menard |
||
| 260 |
_aAmerica _bTaylor&Francis _c2008 |
||
| 300 | _a218p | ||
| 942 |
_cBK _2ddc |
||
| 999 |
_c564366 _d564366 |
||